| 000 | 00469nam a22001577a 4500 | ||
|---|---|---|---|
| 020 | _a0 09 172938 6 | ||
| 082 |
_a602.2 _bMAN _cL-39,P-67 |
||
| 100 |
_aParker, Maurice _940194 |
||
| 245 |
_aManual of british standards in engineering drawing and design _cMaurice, Parker |
||
| 250 | _avolumn2 | ||
| 260 |
_aLondon _bHutchinson & Co ltd _c1984 |
||
| 300 |
_a265p.: _bill.; _c35 cm. |
||
| 526 |
_a0 _b0 _c0 _d602_200000000000000_MAN |
||
| 650 |
_aMCE _9379 |
||
| 942 |
_2ddc _cBK |
||
| 999 |
_c544544 _d544544 |
||